[Event "NRW-ch op Seniors 14th"]
[Site "Beverungen"]
[Date "2003.06.19"]
[Round "6.18"]
[White "Thierling, Helmut"]
[Black "Kraemer, Marianne"]
[Result "1/2-1/2"]
[WhiteElo "1657"]
[BlackElo "1463"]
[PlyCount "133"]
[EventDate "2003.06.14"]
[EventType "swiss"]
[EventRounds "9"]
[EventCountry "GER"]
[SourceTitle "EXT 2004"]
[Source "ChessBase"]
[SourceDate "2003.11.25"]
[SourceVersion "1"]
[SourceVersionDate "2003.11.25"]
[SourceQuality "1"]

1. b4 b6 2. Bb2 e6 3. Nf3 Bb7 4. e3 Nf6 5. b5 d6 6. c4 Nbd7 7. Be2 Be7 8. 0-0 0-0 9. d4 h6 10. Nbd2 Ne4 11. Nxe4 Bxe4 12. Nd2 Bb7 13. Bf3 Bxf3 14. Nxf3 f5 15. Re1 Nf6 16. a4 Qe8 17. h3 Ne4 18. Nd2 Qg6 19. Nxe4 fxe4 20. Qg4 Qxg4 21. hxg4 Rf7 22. Ra2 Raf8 23. Bc3 d5 24. cxd5 exd5 25. Rc1 Bd6 26. Be1 g5 27. Rb1 Rh7 28. Kf1 h5 29. gxh5 Rxh5 30. Ke2 Rh2 31. Rbb2 Rxg2 32. Kd1 g4 33. Re2 Rg1 34. Kc2 Rg2 35. Kd1 Rf7 36. Rac2 Rg1 37. Ra2 Bb4 38. Rab2 Bxe1 39. Rxe1 Rg2 40. Ree2 Rh7 41. Ra2 Rh1+ 42. Kc2 Rgg1 43. Kb3 Kf8 44. Rec2 Rh7 45. Rc6 g3 46. fxg3 Rxg3 47. Rf2+ Rf3 48. Re2 Ke8 49. Rc3 Kd8 50. Kb4 Rh1 51. Rec2 Rb1+ 52. Ka3 Rf7 53. Ka2 Rbf1 54. Rg2 R1f2+ 55. Rxf2 Rxf2+ 56. Kb3 Kd7 57. Ka3 Re2 58. Kb3 Re1 59. Kb2 Rg1 60. Rc2 Rg8 61. Kb3 Rc8 62. Rc6 Re8 63. Rc3 Re6 64. Kb4 c5+ 65. dxc5 bxc5+ 66. Kxc5 Rd6 67. Kd4 1/2-1/2